The effect of pre- and posttreatment with diazoxide on the early phase of chronic cerebral hypoperfusion in the rat

Elmentve itt :
Bibliográfiai részletek
Szerzők: Farkas Eszter
Institoris Ádám
Domoki Ferenc
Mihály András
Bari Ferenc
Dokumentumtípus: Cikk
Megjelent: Elsevier 2006
Sorozat:BRAIN RESEARCH 1087 No. 1
doi:10.1016/j.brainres.2006.02.134

mtmt:1169731
Online Access:http://publicatio.bibl.u-szeged.hu/2656
LEADER 00849nab a2200241 i 4500
001 publ2656
005 20180723115239.0
008 130226s2006 hu o 0|| zxx d
022 |a 0006-8993 
024 7 |a 10.1016/j.brainres.2006.02.134  |2 doi 
024 7 |a 1169731  |2 mtmt 
040 |a SZTE Publicatio Repozitórium  |b hun 
041 |a zxx 
100 1 |a Farkas Eszter 
245 1 4 |a The effect of pre- and posttreatment with diazoxide on the early phase of chronic cerebral hypoperfusion in the rat  |h [elektronikus dokumentum] /  |c  Farkas Eszter 
260 |a Elsevier  |c 2006 
300 |a 168-174 
490 0 |a BRAIN RESEARCH  |v 1087 No. 1 
700 0 1 |a Institoris Ádám  |e aut 
700 0 1 |a Domoki Ferenc  |e aut 
700 0 1 |a Mihály András  |e aut 
700 0 1 |a Bari Ferenc  |e aut 
856 4 0 |u http://publicatio.bibl.u-szeged.hu/2656/1/1169731.pdf  |z Dokumentum-elérés